000 01500nam a2200373Ia 4500
001 ebr10315655
003 CaPaEBR
006 m u
007 cr cn|||||||||
008 090226s2009 njuaf sb 001 0 eng d
010 _z 2009005776
020 _z9780470243732 (cloth)
020 _z0470243732 (cloth)
040 _aCaPaEBR
_cCaPaEBR
035 _a(OCoLC)457190212
050 1 4 _aQH506
_b.C48 2009eb
100 1 _aChen, Luonan,
_d1962-
245 1 0 _aBiomolecular networks
_h[electronic resource] :
_bmethods and applications in systems biology /
_cLuonan Chen, Rui-Sheng Wang, Xiang-Sun Zhang.
260 _aHoboken, NJ :
_bWiley,
_cc2009.
300 _axxv, 387 p., [4] p. :
_bill. (some col.).
490 1 _aWiley series on bioinformatics
504 _aIncludes bibliographical references and index.
533 _aElectronic reproduction.
_bPalo Alto, Calif. :
_cebrary,
_d2011.
_nAvailable via World Wide Web.
_nAccess may be limited to ebrary affiliated libraries.
650 0 _aMolecular biology
_xData processing.
650 0 _aComputational biology.
650 0 _aBioinformatics.
650 0 _aBiological systems
_xResearch
_xData processing.
655 7 _aElectronic books.
_2local
700 1 _aWang, Rui-Sheng.
700 1 _aZhang, Xiang-Sun,
_d1943-
710 2 _aebrary, Inc.
830 0 _aWiley series on bioinformatics.
856 4 0 _uhttp://site.ebrary.com/lib/rucke/Doc?id=10315655
_zAn electronic book accessible through the World Wide Web; click to view
999 _c57156
_d57156